[Event "Challenge"]
[Site "http://www.queenalice.com/game.php?id=39633"]
[Date "2005.11.25"]
[Round "-"]
[White "Sanders99"]
[Black "hawaiianhomegrown"]
[Result "1-0"]
[WhiteElo "1866"]
[BlackElo "1285"]

1. e4 e5 2. Nf3 Qe7 3. Bc4 h6 4. d3 Nf6 5. Be3 b6 6. Nc3 Bb7 7. O-O Nc6 8. Qd2
O-O-O 9. Nb5 a6 10. Nc3 Qb4 11. b3 Bc5 12. Nd5 Bxe3 13. Qxe3 g5 14. Nxf6 Qc3 15.
Qd2 Qxd2 16. Nxd2 1-0

[Event "a"]
[Site "http://www.queenalice.com/game.php?id=40568"]
[Date "2005.11.29"]
[Round "-"]
[White "hawaiianhomegrown"]
[Black "buaco"]
[Result "0-1"]
[WhiteElo "1500"]
[BlackElo "1536"]

1. e4 e5 2. Nf3 Nf6 3. Qe2 Nc6 4. b3 Bc5 5. Bb2 Qe7 6. d3 O-O 7. g3 d6 8. Bg2
Bg4 9. O-O Qe6 10. Qd2 Bh3 11. Qg5 Bxg2 12. Kxg2 h6 13. Qd2 Bb4 14. Bc3 Bxc3 15.
Qxc3 a5 16. d4 Nxe4 17. Qd3 exd4 18. Nxd4 Nxd4 19. Qxd4 Rae8 20. Nd2 Nxd2 21.
Qxd2 b6 22. Rae1 Qg6 23. a4 Rxe1 24. Rxe1 c5 25. Qf4 d5 26. Qc7 d4 27. Qf4 f6
28. Qd6 Qxc2 29. Qxb6 d3 30. Qe6+ Kh8 31. Qg4 Qxb3 32. Rd1 Rd8 33. Qf3 c4 34.
Ra1 c3 35. Qc6 d2 36. Qb5 Qd5+ 37. Qxd5 Rxd5 38. Rd1 c2 0-1

[Event "ho'ohana"]
[Site "http://www.queenalice.com/game.php?id=40737"]
[Date "2005.11.30"]
[Round "-"]
[White "philb"]
[Black "hawaiianhomegrown"]
[Result "1-0"]
[WhiteElo "1202"]
[BlackElo "1306"]

1. Nf3 g6 2. Nc3 Bg7 3. d4 e6 4. g3 Na6 5. Bg5 Bf6 6. Ne4 d5 7. Nxf6+ Nxf6 8. e3
O-O 9. Bh6 Re8 10. Qd2 Ne4 11. Qa5 b6 12. Qb5 Bb7 13. Ne5 Qe7 14. Nd7 c6 15.
Nf6+ Qxf6 16. f3 Qxf3 17. Qe2 Qxe2+ 18. Bxe2 Nb4 19. Bd1 c5 20. c3 Nd3+ 21. Ke2
Nxb2 22. Bb3 Nxc3+ 23. Kd2 Ne4+ 24. Kc2 Nc4 25. Ba4 Rec8 26. Raf1 1-0

[Event "AUTO-OPEN-185"]
[Site "http://www.queenalice.com/game.php?id=41242"]
[Date "2005.12.3"]
[Round "1"]
[White "Sanders99"]
[Black "hawaiianhomegrown"]
[Result "1-0"]
[WhiteElo "1866"]
[BlackElo "1285"]

1. e4 e5 2. Nf3 Qe7 3. Bc4 Nf6 4. d3 g6 5. O-O Bg7 6. Bg5 O-O 7. Nc3 c6 8. Re1
b5 9. Bb3 Na6 10. a3 Bb7 11. d4 1-0

[Event "AUTO-OPEN-185"]
[Site "http://www.queenalice.com/game.php?id=41243"]
[Date "2005.12.3"]
[Round "1"]
[White "hawaiianhomegrown"]
[Black "Sanders99"]
[Result "0-1"]
[WhiteElo "1285"]
[BlackElo "1866"]

1. e4 e5 2. Nf3 d6 3. d4 exd4 4. Nxd4 g6 5. Bd3 Nf6 6. Nc3 Bg7 7. O-O O-O 8. Nf3
Re8 9. b3 Nxe4 10. Nxe4 Bxa1 11. Bg5 f6 12. Be3 Bg4 13. Qxa1 Nd7 14. Nfd2 Bf5
0-1

[Event "AUTO-OPEN-185"]
[Site "http://www.queenalice.com/game.php?id=41270"]
[Date "2005.12.3"]
[Round "1"]
[White "KingLouie"]
[Black "hawaiianhomegrown"]
[Result "1-0"]
[WhiteElo "2049"]
[BlackElo "1306"]

1. d4 d5 2. c4 dxc4 3. e4 e6 4. Bxc4 Ne7 5. Nf3 g6 6. Nc3 Bg7 7. O-O O-O 8. Bf4
b6 9. Nb5 Na6 10. Qe2 Nb4 11. Bxc7 Qd7 12. Bd6 Nbc6 13. Ne5 Nxe5 14. dxe5 a6 15.
Nc7 Ra7 16. Nxa6 Nc6 17. Rfd1 Qe8 18. Nc7 Rxc7 19. Bxc7 Bxe5 20. Bxb6 Qe7 21.
Bb5 Qb4 22. a3 Qb3 23. Bc5 Rd8 24. Bxc6 Rxd1+ 25. Qxd1 Ba6 26. Qd8+ 1-0

[Event "AUTO-OPEN-185"]
[Site "http://www.queenalice.com/game.php?id=41271"]
[Date "2005.12.3"]
[Round "1"]
[White "hawaiianhomegrown"]
[Black "KingLouie"]
[Result "0-1"]
[WhiteElo "1306"]
[BlackElo "2051"]

1. e4 c5 2. Nf3 Nc6 3. Nc3 e6 4. d4 cxd4 5. Nxd4 Nf6 6. Nxc6 bxc6 7. Bc4 d5 8.
exd5 exd5 9. Be2 Bd6 10. O-O O-O 11. Be3 Bf5 12. f3 Qb8 13. g3 Qxb2 14. Bd4 Qxc2
15. a4 Qxd1 16. Raxd1 Rfb8 17. g4 Bc2 18. Rd2 Bg6 19. Bd3 Bxd3 20. Rxd3 Nd7 21.
Kg2 c5 22. Bf2 d4 23. Ne4 Be7 24. Rc1 Rb2 0-1

[Event "AUTO-ADV-113"]
[Site "http://www.queenalice.com/game.php?id=43000"]
[Date "2005.12.11"]
[Round "1"]
[White "hawaiianhomegrown"]
[Black "buaco"]
[Result "1-0"]
[WhiteElo "1277"]
[BlackElo "1095"]

1. e4 c5 2. Nf3 e6 3. d4 cxd4 4. Nxd4 a6 5. Bf4 e5 6. Bxe5 Qa5+ 7. c3 Qxe5 8.
Bd3 Nf6 9. Nd2 Bc5 10. N2f3 Qc7 11. O-O O-O 12. Qe2 Re8 13. b4 Ba7 14. c4 Nc6
15. Nxc6 Qxc6 16. Rfe1 d5 17. e5 dxc4 18. Bxc4 b5 19. Bd3 Bg4 20. h3 Bxf3 21.
Qxf3 Qxf3 22. gxf3 Nd7 23. f4 1-0

[Event "AUTO-ADV-113"]
[Site "http://www.queenalice.com/game.php?id=43001"]
[Date "2005.12.11"]
[Round "1"]
[White "buaco"]
[Black "hawaiianhomegrown"]
[Result "1-0"]
[WhiteElo "1648"]
[BlackElo "1318"]

1. d4 d5 2. c4 dxc4 3. Nf3 b6 4. e4 Ba6 5. Ne5 Nf6 6. Qa4+ Nfd7 7. Nxc4 g6 8.
Bd3 b5 9. Qb3 bxc4 10. Bxc4 e5 11. Bxf7+ Ke7 12. Qe6# 1-0

[Event "AUTO-ADV-113"]
[Site "http://www.queenalice.com/game.php?id=43002"]
[Date "2005.12.11"]
[Round "1"]
[White "hawaiianhomegrown"]
[Black "Sirius"]
[Result "0-1"]
[WhiteElo "1281"]
[BlackElo "1579"]

1. e4 e5 2. Nf3 d6 3. Bc4 Nh6 4. d4 f6 5. d5 a6 6. Bxh6 gxh6 7. O-O Rg8 8. g3
Bh3 9. Re1 c5 10. Nbd2 b5 11. Bf1 Bg4 12. c4 b4 13. Be2 Qd7 0-1

[Event "AUTO-ADV-113"]
[Site "http://www.queenalice.com/game.php?id=43003"]
[Date "2005.12.11"]
[Round "1"]
[White "Sirius"]
[Black "hawaiianhomegrown"]
[Result "1-0"]
[WhiteElo "1575"]
[BlackElo "1285"]

1. c4 e5 2. e4 Nf6 3. b3 d6 4. Nc3 g6 5. h3 Nc6 6. Bb2 Bh6 7. Nf3 O-O 8. Nb5
Nxe4 9. Bd3 Nf6 10. Nh4 Nb4 11. Ba3 Nxd3+ 12. Kf1 a6 13. Nc3 c5 14. Qf3 Nf4 15.
g3 1-0